| 000 | 00747 a2200241 4500 | ||
|---|---|---|---|
| 003 | OSt | ||
| 005 | 20180116192400.0 | ||
| 008 | 120618t xxu||||| |||| 00| 0 eng d | ||
| 010 | _a 2006531004 | ||
| 020 | _a071484277X (hbk.) | ||
| 020 | _a9780714842776 | ||
| 035 | _a(CStRLIN)MNUGA004632743-B | ||
| 035 | _a(MnU)004632743 | ||
| 040 | _c0 | ||
| 082 | 0 | 4 | _a720.92 |
| 100 | 1 |
_aMerkel, Jayne. _94781 |
|
| 245 | 1 | 0 |
_aEero Saarinen / _cJayne Merkel. |
| 260 |
_aLondon ; _aNew York : _bPhaidon, _c2005. |
||
| 300 |
_a256 p. : _bill. (some col.) ; _c30 cm. |
||
| 600 | 1 | 0 |
_aSaarinen, Eero, _d1910-1961 _xCriticism and interpretation. _94782 |
| 942 |
_aSADA _cREF _k720.92 MER 2005 _2ddc |
||
| 999 |
_c353272 _d353272 |
||